00277pab a2200121 454500008004000000100001600040245003100056260000900087300001000096362001100106650002300117773001500140180718b1989 xxu||||| |||| 00| 0 eng d aJoshi, P.C. aMediabRole of local radio c1989 a11-13 a20 May aRadio Braodcasting aMainstream